Counterfeit.

Bibliographic Details
Main Author: Cole, Sonia, 1918-1982
Format: Book
Language:English
Published: New York : Abelard-Schuman, [1956]
Subjects:

MARC

Tag First Indicator Second Indicator Subfields
LEADER 00000cam a2200000 4500
001 in00000066380
005 20151008051903.0
008 741029s1956 nyu 00000 eng u
035 |a (OCoLC)01060553 
035 |9 AAH0555AM 
040 |c OUN  |d TXA  |d UtOrBLW 
049 |a TXAM  |c [276523] 
090 |a HV6675  |b .C57 1956x 
090 |a HV6675  |b .C57 1956 
092 |a 364.38  |b C689c 
100 1 |a Cole, Sonia,  |d 1918-1982. 
245 1 0 |a Counterfeit. 
264 1 |a New York :  |b Abelard-Schuman,  |c [1956] 
300 |a 209 pages :  |b illustrations ;  |c 23 cm. 
336 |a text  |b txt  |2 rdacontent 
337 |a unmediated  |b n  |2 rdamedia 
338 |a volume  |b nc  |2 rdacarrier 
650 0 |a Forgery. 
999 |a MARS 
999 f f |s 69cea576-ec52-3fe1-9d2b-2bb57f01dbc5  |i a45a1cc8-d6f8-3fc9-9df0-c4a6e746dddd  |t 0 
952 f f |p ric  |a Texas A&M University  |b Rellis Campus  |c Joint Library Facility  |d Remote Storage  |t 0  |e HV6675 .C57 1956  |h Library of Congress classification  |i unmediated -- volume  |m A14800814147 
998 f f |a HV6675 .C57 1956  |t 0  |l Remote Storage